000 00290nam a2200109Ia 4500
008 221009s9999 xx 000 0 und d
082 _a001/Sah BOOK
100 _aPratiyogita Sahitya
_981280
245 0 _aGeneral Knowledge And Who's Who
260 _bSahitya Bhavan Publication
942 _cBK
999 _c64552
_d64552